[Event "St Petersburg Korchnoi Memorial op"]
[Site "St Petersburg"]
[Date "2024.08.18"]
[Round "3"]
[White "Yarkin, Nikita"]
[Black "Brytsikau, Makar"]
[Result "0-1"]
[WhiteElo "1000"]
[BlackElo "1834"]
[PlyCount "110"]
[EventDate "2024.08.17"]
[EventType "swiss"]
[EventRounds "9"]
[EventCountry "RUS"]
[SourceTitle "CBM 221 Extra"]
[Source "ChessBase"]
[SourceDate "2024.09.30"]
[SourceVersion "1"]
[SourceVersionDate "2024.09.30"]
[SourceQuality "1"]

1. c4 Nf6 2. Nc3 g6 3. g3 Bg7 4. Bg2 0-0 5. Nf3 d6 6. 0-0 c6 7. d4 Qa5 8. e4 Bg4 9. h3 Bxf3 10. Bxf3 e5 11. dxe5 dxe5 12. Bg5 Qc7 13. Qc1 a5 14. a4 Na6 15. Re1 Nc5 16. Qc2 Ne6 17. Be3 Rfd8 18. Rad1 Bf8 19. b3 Bc5 20. Kg2 Bxe3 21. Rxe3 Qb6 22. Red3 Rxd3 23. Rxd3 Nd4 24. Qd1 Nd7 25. Ne2 Nc5 26. Re3 Rd8 27. Nxd4 Rxd4 28. Qc2 Qb4 29. Qc3 Qxc3 30. Rxc3 Rd2 31. Re3 Kf8 32. h4 Ke7 33. g4 h6 34. Kg3 Ne6 35. Re2 Rxe2 36. Bxe2 Nc5 37. Bd1 Nxe4+ 38. Kf3 Nc5 39. Ke3 Ke6 40. f4 exf4+ 41. Kxf4 Kd6 42. h5 gxh5 43. gxh5 Ke6 44. Bg4+ Kf6 45. Bd1 Ne6+ 46. Ke4 Ng7 47. Kf4 Ke6 48. Be2 f5 49. Bd3 Kf6 50. Be2 Ne6+ 51. Kg3 Ke5 52. Bd1 Nd4 53. Kh4 Kf4 54. Kh3 Ke3 55. Kh4 Kd2 0-1

[Event "St Petersburg Korchnoi Memorial op"]
[Site "St Petersburg"]
[Date "2024.08.17"]
[Round "1"]
[White "Komissarova, Soigina"]
[Black "Yarkin, Nikita"]
[Result "1-0"]
[WhiteElo "1842"]
[BlackElo "1000"]
[PlyCount "51"]
[EventDate "2024.08.17"]
[EventType "swiss"]
[EventRounds "9"]
[EventCountry "RUS"]
[SourceTitle "CBM 221 Extra"]
[Source "ChessBase"]
[SourceDate "2024.09.30"]
[SourceVersion "1"]
[SourceVersionDate "2024.09.30"]
[SourceQuality "1"]

1. e4 e6 2. d4 d5 3. e5 c5 4. c3 Nc6 5. Nf3 Qb6 6. a3 g6 7. Be2 cxd4 8. cxd4 Bg7 9. Nc3 Nge7 10. h4 Nf5 11. Na4 Qc7 12. b4 a6 13. h5 Bd7 14. Bb2 f6 15. g4 Nh6 16. exf6 Bxf6 17. g5 Bxg5 18. Nxg5 gxh5 19. Bxh5+ Ke7 20. Nc5 Bc8 21. Qe2 Qd6 22. 0-0-0 Nf5 23. Rhe1 Qf4+ 24. Qd2 Qxd2+ 25. Rxd2 Kd8 26. Rde2 1-0